| 000 | 00472nam a2200121Ia 4500 | ||
|---|---|---|---|
| 008 | 171212s9999 xx 000 0 und d | ||
| 020 | _a9780833086648 | ||
| 100 | _aDworsky, Michael;Dixon, Lloyd | ||
| 245 |
_cDworsky, Michael;Dixon, Lloyd _aThe Impact on Workers’ Compensation Insurance Markets of Allowing the Terrorism Risk Insurance Act to Expire |
||
| 260 |
_bRAND Corporation _c2014 |
||
| 650 | _aBusiness | ||
| 856 | _uhttp://www.jstor.org/stable/10.7249/j.ctt6wq9ht | ||
| 999 |
_c352678 _d352678 |
||